| 000 | 00913nam a2200301 a 4500 | ||
|---|---|---|---|
| 001 | ASINB003UGLUKA | ||
| 005 | 20170105102903.0 | ||
| 008 | 131021s2001 xxu eng d | ||
| 020 | _a077471476X (paperback) | ||
| 020 | _a9780774714761 (paperback) | ||
| 040 | _a0 | ||
| 050 | 0 | 4 | _aPR2837.A2 |
| 082 | 0 | 4 | _a822.33 |
| 100 | 1 | _a(editors), Waldron & Roy. | |
| 245 | 1 | 0 |
_aHarcourt shakespeare twelfth night / _cWaldron & Roy (editors) |
| 260 |
_a[S.l.] : _bHarcourt Canada, _c2001. |
||
| 300 | _a1 v. (unpaged) | ||
| 650 | 0 | _aBrothers and sisters | |
| 650 | 0 | _aEurope--Illyria | |
| 650 | 0 | _aMistaken identity | |
| 650 | 0 | _aShakespeare, William, 1564-1616 | |
| 650 | 0 | _aShipwreck survival | |
| 650 | 0 | _aSurvival | |
| 650 | 0 | _aTwelfth night (Shakespeare, William) | |
| 650 | 0 | _aTwins | |
| 856 | 4 | 0 |
_3Amazon.com _uhttp://www.amazon.com/exec/obidos/ASIN/B003UGLUKA/chopaconline-20 |
| 942 |
_2ddc _cBK |
||
| 999 |
_c14730 _d14730 |
||